| 000 | 01620nam a2200313 i 4500 | ||
|---|---|---|---|
| 003 | DO-SdBNP | ||
| 005 | 20250514140959.0 | ||
| 007 | ta | ||
| 008 | 250514b2024 dr ||||| |||| 00| 0 spa d | ||
| 020 | _a9789945510737 | ||
| 040 |
_aDO-SdBNP _bspa _cBNPHU _erda |
||
| 041 | _aspa | ||
| 082 | 4 |
_axxx _bM843mo _222 |
|
| 100 | 1 |
_aMoreno García, Bárbara, _d1964- _4aut. _919533 _eautor |
|
| 245 | 1 | 3 |
_aEl recorrido poético de Domingo Moreno Jimenes / _cBárbara Moreno García ; prólogo de Bruno Rosario Candelier ; corrección María del Carmen Vicente, Modesto Cuesta y Apolinar Liz Rodríguez ; diagramación y cubierta Julissa Ivor Medina |
| 250 | _aPrimera edición | ||
| 264 | 4 |
_aSanto Domingo : _bEditora Nacional, _c©2024. |
|
| 300 |
_a442 páginas : _c23 cm. |
||
| 336 |
_atexto _btxt _2rdacontent |
||
| 337 |
_asin mediación _bn _2rdamedia |
||
| 338 |
_avolumen _bnc _2rdacarrier |
||
| 500 | _aIncluye datos biográficos de la autora en la solapa de la cubierta. | ||
| 504 | _aBibliografía: páginas 419-442 | ||
| 505 |
_aPrólogo / _rBruno Rosario Candelier -- _tIntroducción, 21 -- _tUno. La poesía canónica de Domingo Moreno Jimenes y sus rasgos modernistas, 27 -- _tDos. El movimiento postumista: renovación y ruptura con la poética y la retórica modernista, el verso libre y las nuevas orientaciones de la poesía de Moreno, 119 -- _tTres. La última fase poética de Moreno Jimenes, 263 -- _tCuatro. Conclusión, 381 -- _tCinco. Anexos, 381 -- |
||
| 590 | _aInventariado, 2025 /LP | ||
| 700 | 1 |
_aRosario Candelier, Bruno, _d1941- _eprologuista _4pr _9851 |
|
| 910 | _aLP | ||
| 942 |
_2ddc _cLBS1 |
||
| 999 |
_c58296 _d58296 |
||